| 000 | 00536nam a2200217Ia 4500 | ||
|---|---|---|---|
| 003 | 0100 | ||
| 008 | 130303s9999 xx 000 0 und d | ||
| 020 | _a0521385970 | ||
| 040 | _cARRUPELIB | ||
| 050 | _aB3279.H49C25 1993 | ||
| 245 | 4 | _aThe Cambridge companion to Heidegger | |
| 260 | _aCambridge | ||
| 260 | _bCambridge University Press | ||
| 260 | _C1993 | ||
| 300 | _axx | ||
| 300 | _b 389 p. 24 cm | ||
| 650 | _aPHILOSOPHY | ||
| 650 | _bKant, Emmanuel, 1724-1804 | ||
| 700 | _aGuignon, Charles B. (ed.) | ||
| 942 | 0 | 0 | _01 |
| 999 |
_c13199 _d13199 |
||